MARC details
| 000 -CABECERA |
| campo de control de longitud fija |
02564nam a2200277 a 4500 |
| 001 - NÚMERO DE CONTROL |
| campo de control |
000046527 |
| 003 - IDENTIFICADOR DEL NÚMERO DE CONTROL |
| campo de control |
DO-SdBNP |
| 005 - FECHA Y HORA DE LA ÚLTIMA TRANSACCIÓN |
| campo de control |
20230216074754.0 |
| 007 - CAMPO FIJO DE DESCRIPCIÓN FÍSICA--INFORMACIÓN GENERAL |
| campo de control de longitud fija |
ta |
| 008 - DATOS DE LONGITUD FIJA--INFORMACIÓN GENERAL |
| campo de control de longitud fija |
150824s1999 dr 000 0 spa d |
| 020 ## - NÚMERO INTERNACIONAL ESTÁNDAR DEL LIBRO |
| Número Internacional Estándar del Libro |
9993433004 |
| 040 ## - FUENTE DE LA CATALOGACIÓN |
| Centro catalogador/agencia de origen |
DO-SdBNP |
| Lengua de catalogación |
spa |
| Centro/agencia transcriptor |
BNPHU |
| 082 ## - NÚMERO DE LA CLASIFICACIÓN DECIMAL DEWEY |
| Número de clasificación |
371.3 |
| Número de documento/Ítem |
C117P |
| Número de edición |
22 |
| 100 1# - ENTRADA PRINCIPAL--NOMBRE DE PERSONA |
| Nombre de persona |
Cabrera, Onavis Carmelo |
| 9 (RLIN) |
17548 |
| 245 10 - MENCIÓN DE TÍTULO |
| Título |
Paulo Freire : |
| Resto del título |
su vida, convicciones políticas y el paradigma de la de la impugnación / |
| Mención de responsabilidad, etc. |
Onavis Carmelo Cabrera. |
| 260 ## - PUBLICACIÓN, DISTRIBUCIÓN, ETC. |
| Lugar de publicación, distribución, etc. |
Santo Domingo : |
| Nombre del editor, distribuidor, etc. |
Mediabyte, |
| Fecha de publicación, distribución, etc. |
1999. |
| 300 ## - DESCRIPCIÓN FÍSICA |
| Extensión |
221 ; |
| Dimensiones |
21 cm. |
| 500 ## - NOTA GENERAL |
| Nota general |
Incluye datos biográficos del autor en las solapas |
| 504 ## - NOTA DE BIBLIOGRAFÍA, ETC. |
| Nota de bibliografía, etc. |
Bibliografía : p. 217-221 |
| 505 0# - NOTA DE CONTENIDO CON FORMATO |
| Nota de contenido con formato |
Vida, compromiso social y convicciones políticas -- |
| Título |
Pensamiento socio-educativo en sus principales obras -- |
| -- |
La educación como práctica de la libertad -- |
| -- |
Pedagogía del oprimido -- |
| -- |
¿Extensión o comunicación? -- |
| -- |
Acción cultural para la libertad -- |
| -- |
Pedagogía de la esperanza -- |
| -- |
Educación y política -- |
| -- |
Cartas a Cristina -- |
| -- |
Reflexiones sobre mi vida y mi trabajo -- |
| -- |
La educación en la ciudad -- |
| -- |
Pedagogía y autonomía: saberes necesarios para la práctica educativa -- |
| -- |
Cartas a quien pretende enseñar -- |
| -- |
Pedagogía de la impugnación como paradigma educativo -- |
| -- |
Concepto de paradigma crítico -- |
| -- |
Epistemología educativa -- |
| -- |
Su teoría de los fines -- |
| -- |
Su teoría de los valores -- |
| -- |
Su teoría educativa -- |
| -- |
El analfabetismo -- |
| -- |
Alfabetaización -- |
| -- |
Educación básica de jóvenes y adultos -- |
| -- |
Educación popular -- |
| -- |
Investigación participativa -- |
| -- |
Fundamentos de la teoría educativa -- |
| -- |
Teoría sobre antropología educativa -- |
| -- |
Teoría sobre la enseñanza -- |
| -- |
Teoría sobre la metodología y la concientización -- |
| -- |
La teoría sobre la escuela -- |
| -- |
La dimensión política de la propuesta freiriana -- |
| -- |
La utopía educativa en la propuesta freiriana -- |
| -- |
Compromiso social en el pensamiento freiriano -- |
| -- |
Compromiso social con los sectores populares -- |
| -- |
Compromiso con la lucha del movimiento sindical magisterial -- |
| -- |
Opcion politica en el pensamiento freiriano -- |
| -- |
Crítica al capitalismo salvaje -- |
| -- |
Crítica a la modernidad instrumental -- |
| -- |
Crítica de la izquierda ortodoxa -- |
| -- |
Desafio de los sectores progresistas -- |
| -- |
Reorientación del proyecto escolar -- |
| -- |
Reconstruir el proyecto socialista -- |
| -- |
Construir el proyecto de posmodernidad progresista -- |
| 590 ## - NOTA LOCAL (RLIN) |
| Nota local |
Inventariado, 2023 / DG |
| 650 4# - PUNTO DE ACCESO ADICIONAL DE MATERIA--TÉRMINO DE MATERIA |
| Término de materia o nombre geográfico como elemento de entrada |
Freire, Paul |
| Subdivisión general |
Pensamiento filosófico |
| Subdivisión cronológica |
1921-1997 |
| 9 (RLIN) |
83128 |
| 650 4# - PUNTO DE ACCESO ADICIONAL DE MATERIA--TÉRMINO DE MATERIA |
| Término de materia o nombre geográfico como elemento de entrada |
Métodos de enseñanza |
| 9 (RLIN) |
2196 |
| 910 ## - DATOS DE OPCIÓN DEL USUARIO (OCLC) |
| Datos de opción del usuario |
DG |
| 942 ## - ELEMENTOS DE PUNTO DE ACCESO ADICIONAL (KOHA) |
| Fuente del sistema de clasificación o colocación |
Dewey Decimal Classification |
| Tipo de ítem Koha |
Libro |